|
003 -Nazwa inst., której nr kontr. jest w polu 001 [,]
|
-
- @
- Nazwa instytucji, której n kontrolny jest w polu 001
- NUKAT
|
|
005 -DATA I CZAS OSTATNIEJ MODYFIKACJI [,]
|
-
- @
- pole kontrolne
- 20241231104230.0
|
|
020 -Międzynarod. znormalizowany nr książki - ISBN [ , ]
|
-
- a
- Numer ISBN
- 9780078110870
-
- q
- Dopowiedzenie
- combined edition : alk. paper
|
|
020 -Międzynarod. znormalizowany nr książki - ISBN [ , ]
|
-
- a
- Numer ISBN
- 0078110874
-
- q
- Dopowiedzenie
- combined edition : alk. paper
|
|
020 -Międzynarod. znormalizowany nr książki - ISBN [ , ]
|
-
- a
- Numer ISBN
- 9780077338251
-
- q
- Dopowiedzenie
- volume 1, chapters 1-12 : alk. paper
|
|
020 -Międzynarod. znormalizowany nr książki - ISBN [ , ]
|
-
- a
- Numer ISBN
- 0077338251
-
- q
- Dopowiedzenie
- volume 1, chapters 1-12 : alk. paper
|
|
020 -Międzynarod. znormalizowany nr książki - ISBN [ , ]
|
-
- a
- Numer ISBN
- 9780077338244
-
- q
- Dopowiedzenie
- volume 2, chapters 12-25
|
|
020 -Międzynarod. znormalizowany nr książki - ISBN [ , ]
|
-
- a
- Numer ISBN
- 0077338243
-
- q
- Dopowiedzenie
- volume 2, chapters 12-25
|
|
020 -Międzynarod. znormalizowany nr książki - ISBN [ , ]
|
-
- a
- Numer ISBN
- 9780077338268
-
- q
- Dopowiedzenie
- with working papers volume 1, chapters 1-12
|
|
020 -Międzynarod. znormalizowany nr książki - ISBN [ , ]
|
-
- a
- Numer ISBN
- 007733826X
-
- q
- Dopowiedzenie
- with working papers volume 1, chapters 1-12
|
|
020 -Międzynarod. znormalizowany nr książki - ISBN [ , ]
|
-
- a
- Numer ISBN
- 9780077338275
-
- q
- Dopowiedzenie
- with working papers volume 2, chapters 12-25
|
|
020 -Międzynarod. znormalizowany nr książki - ISBN [ , ]
|
-
- a
- Numer ISBN
- 0077338278
-
- q
- Dopowiedzenie
- (with working papers volume 2, chapters 12-25
|
|
020 -Międzynarod. znormalizowany nr książki - ISBN [ , ]
|
-
- a
- Numer ISBN
- 9780077338237
-
- q
- Dopowiedzenie
- principles, chapters 1-17
|
|
020 -Międzynarod. znormalizowany nr książki - ISBN [ , ]
|
-
- a
- Numer ISBN
- 0077338235
-
- q
- Dopowiedzenie
- principles, chapters 1-17
|
|
040 -Instytucja sporządzająca opis [ , ]
|
-
- a
- Instytucja, która sporządziła opis (NP)
- SZCZ U/ML
-
- c
- Instytucja, która sporządziła rekord (NP)
- SZCZ U/ML
-
- d
- Instytucja, która zmodyfikowała rekord (P)
- SZCZ U/KP
-
- d
- Instytucja, która zmodyfikowała rekord (P)
- SZCZ U/JS
|
|
942 -Rodzaj dokumentu [ , ]
|
-
- c
- Rodzaj dokumentu
- Książka
|
|
920 -ISBN [ , ]
|
-
- a
- ISBN
- 978-0-07-811087-0
-
- q
- Dopowiedzenie
- combined edition : alk. paper
|
|
920 -ISBN [ , ]
|
-
- a
- ISBN
- 0-07-811087-4
-
- q
- Dopowiedzenie
- combined edition : alk. paper
|
|
920 -ISBN [ , ]
|
-
- a
- ISBN
- 978-0-07-733825-1
-
- q
- Dopowiedzenie
- volume 1, chapters 1-12 : alk. paper
|
|
920 -ISBN [ , ]
|
-
- a
- ISBN
- 0-07-733825-1
-
- q
- Dopowiedzenie
- volume 1, chapters 1-12 : alk. paper
|
|
920 -ISBN [ , ]
|
-
- a
- ISBN
- 978-0-07-733824-4
-
- q
- Dopowiedzenie
- volume 2, chapters 12-25
|
|
920 -ISBN [ , ]
|
-
- a
- ISBN
- 0-07-733824-3
-
- q
- Dopowiedzenie
- volume 2, chapters 12-25
|
|
920 -ISBN [ , ]
|
-
- a
- ISBN
- 978-0-07-733826-8
-
- q
- Dopowiedzenie
- with working papers volume 1, chapters 1-12
|
|
920 -ISBN [ , ]
|
-
- a
- ISBN
- 0-07-733826-X
-
- q
- Dopowiedzenie
- with working papers volume 1, chapters 1-12
|
|
920 -ISBN [ , ]
|
-
- a
- ISBN
- 978-0-07-733827-5
-
- q
- Dopowiedzenie
- with working papers volume 2, chapters 12-25
|
|
920 -ISBN [ , ]
|
-
- a
- ISBN
- 0-07-733827-8
-
- q
- Dopowiedzenie
- (with working papers volume 2, chapters 12-25
|
|
920 -ISBN [ , ]
|
-
- a
- ISBN
- 978-0-07-733823-7
-
- q
- Dopowiedzenie
- principles, chapters 1-17
|
|
920 -ISBN [ , ]
|
-
- a
- ISBN
- 0-07-733823-5
-
- q
- Dopowiedzenie
- principles, chapters 1-17
|